| 000 | 01790cam a22004454a 4500 | ||
|---|---|---|---|
| 001 | 13130425 | ||
| 003 | NUST | ||
| 005 | 20220301115136.0 | ||
| 008 | 030320s2004 enk b 001 0 eng | ||
| 010 | _a 2003047914 | ||
| 020 | _a1842771906 | ||
| 020 | _a1842771914 (limp) | ||
| 038 | _awaseem | ||
| 040 |
_aDLC _cDLC _dDLC |
||
| 042 | _apcc | ||
| 043 |
_an-us--- _ae------ |
||
| 050 | 0 | 0 |
_aHV6322.7 _b.G458 2004 |
| 082 | 0 | 0 |
_a304.663 _bGEN |
| 245 | 0 | 0 |
_aGenocide, war crimes, and the West : _bhistory and complicity / _cedited by Adam Jones. |
| 246 | 1 | 4 | _aGenocide, war crimes & the West |
| 260 |
_aLondon ; _aNew York : _bZed Books ; _aNew York : _bDistributed exclusively in the U.S. by Palgrave, _c2004. |
||
| 300 |
_a424 p. ; _c24 cm. |
||
| 504 | _aIncludes bibliographical references and index. | ||
| 563 | _aPBK. | ||
| 650 | 0 |
_aGenocide _vCase studies. _989988 |
|
| 650 | 0 |
_aHuman rights _vCase studies. _989989 |
|
| 650 | 0 |
_aImperialism _vCase studies. _989990 |
|
| 650 | 0 |
_aRacism _vCase studies. _989991 |
|
| 650 | 0 |
_aWar crimes _vCase studies. _989992 |
|
| 650 | 0 |
_aGeopolitics _vCase studies. _989993 |
|
| 651 | 0 |
_aUnited States _xForeign relations _vCase studies. _989994 |
|
| 651 | 0 |
_aEurope _xForeign relations _vCase studies. _989995 |
|
| 700 | 1 |
_aJones, Adam, _d1963- _989996 |
|
| 856 | 4 | 2 |
_3Contributor biographical information _uhttp://www.loc.gov/catdir/bios/hol059/2003047914.html |
| 856 | 4 | 2 |
_3Publisher description _uhttp://www.loc.gov/catdir/description/hol052/2003047914.html |
| 856 | 4 | 1 |
_3Table of contents _uhttp://www.loc.gov/catdir/toc/hol051/2003047914.html |
| 906 |
_a7 _bcbc _corignew _d1 _eocip _f20 _gy-gencatlg |
||
| 942 |
_2ddc _cBK |
||
| 999 |
_c588444 _d588444 |
||